[Event "SA Championship"]
[Site "Adelaide"]
[Date "2006.03.07"]
[Round "4.5"]
[White "Juszczynski, Mathew"]
[Black "Mdinaradze, Edgar"]
[Result "1-0"]
[Annotator "Fritz 9"]
[BlackElo "1915"]
[EventCountry "AUS"]
[EventDate "2006.02.14"]
[EventRounds "9"]
[EventType "tourn"]
[PlyCount "167"]
[WhiteElo "1790"]

{ B09: Pirc Defence: Austrian Attack } 1. e4 d6 2. d4 Nf6 3. Nc3 g6 4. f4 Bg7 5.
Nf3 O-O 6. h3 Nc6 ( 6... Na6 7. Be3 Nd7 8. g4 c5 9. f5 Qa5 10. h4 cxd4 11. Bxd4
Ne5 12. Nxe5 Bxe5 13. Qd2 Bg3+ 14. Bf2 Bxf2+ 15. Qxf2 Nc5 16. O-O-O Nd7 17. Qf4
Qe5 18. Qg5 Qf6 19. Nd5 Qe5 20. Qxe7 Nc5 21. Nf6+ { Preis,B-Marton,I  ( 2245 )
/Zalakaros 1994/TD/1-0  ( 34 )}  )( 6... Re8 7. Bd3 Nbd7 8. e5 dxe5 9. dxe5 Nh5
10. g4 Nxf4 11. Bxf4 f6 12. Qe2 Nf8 13. O-O-O e6 14. Bb5 Qe7 15. Bxe8 Qxe8 16.
Rhe1 b6 17. exf6 Bxf6 18. Ne4 Bg7 19. Bxc7 Qc6 20. Be5 Bb7 21. Bxg7 {
Saavedra,R-Acuna,M/Roque Saenz Pena 2003/CBM 095 ext/1-0}  )7. Be2 $146 ( 7.
Be3 e6 8. g4 d5 9. e5 Ne4 10. Nxe4 dxe4 11. Ng5 f5 12. Bc4 Qe7 13. Qe2 Nb4 14.
gxf5 gxf5 15. h4 h6 16. Nh3 Nd5 17. c3 c6 18. Kd2 b5 19. Bb3 Bd7 20. Rag1 Kh8
21. Nf2 Rg8 { Preisz,B-Marton,I  ( 2205 ) /Zalakaros 1996/CBM 052 ext/1/2-1/2 
( 39 )}  )( 7. Be3 Nh5 8. d5 Na5 $11 )7... Nh5 8. O-O { Black has a cramped
position}  8... Ng3 9. Re1 Nxe2+ 10. Nxe2 b6 ( 10... d5 11. e5 $11 )11. Be3 (
11. d5 Na5 $14 )11... Na5 12. b3 { Prevents intrusion on c4}  12... c5 13. Qd2
( 13. c3 Qc7 $11 )13... Bb7 $15 { Black threatens to win material: Bb7xe4}  14.
Ng3 Qc7 ( 14... cxd4 15. Nxd4 e5 16. Nb5 $11 )15. c4 ( 15. f5 Nc6 $11 )15...
cxd4 ( 15... e5 16. fxe5 cxd4 17. Nxd4 ( 17. Bxd4 $143 dxe5 18. Bb2 Rad8 $15
)17... Bxe5 18. Nge2 $14 )16. Nxd4 Rad8 17. Rad1 { White prepares the advance
f5}  17... Qc8 18. f5 { White gains space}  18... Nc6 19. Nxc6 Qxc6 20. Bh6
Qc5+ 21. Kh1 Qe5 22. Bxg7 Kxg7 { Black king safety dropped}  23. Qf2 h5 ( 23...
Rg8 24. Rf1 $11 )24. Qe3 ( 24. Ne2 gxf5 25. exf5 Qf6 $16 )24... Rh8 ( 24... Rg8
25. Rd2 $11 )25. fxg6 ( 25. h4 Rhg8 $11 )25... fxg6 $11 26. Nf1 Rdf8 27. Nh2
Rf7 28. Nf3 { White threatens to win material: Nf3xe5}  28... Qf4 ( 28... Qg3
29. Qc3+ Kh7 30. Re3 $11 )29. Qd4+ Rf6 30. b4 ( 30. e5 $5 { should be
considered}  30... dxe5 31. Qxf4 ( 31. Nxe5 $143 Qg3 32. Re2 Rd6 $11 )31...
Rxf4 32. Nxe5 $14 )30... e5 { Black threatens to win material: e5xd4}  31. Qd3
Rhf8 32. a4 ( 32. c5 $5 dxc5 33. bxc5 $11 )32... g5 $15 33. Nd2 g4 { Black gets
more space}  34. Rf1 Qg5 35. Rxf6 Rxf6 36. Qg3 ( 36. Rf1 Rxf1+ 37. Nxf1 gxh3
38. Qxh3 Bxe4 39. Qd7+ Kg6 40. Qe8+ Kh7 41. Qf7+ Qg7 42. Qxh5+ Qh6 43. Qxh6+
Kxh6 $15 )36... Kg6 ( 36... Rf4 37. a5 $15 )37. h4 { White threatens to win
material: h4xg5}  37... Qf4 38. Kh2 Qf2 39. a5 ( 39. Qxf2 Rxf2 40. Kg1 g3 $15
)39... Qd4 ( 39... bxa5 40. bxa5 Kg7 41. Qxf2 Rxf2 42. Kh1 $17 )40. Qe1 ( 40.
axb6 axb6 41. Qe1 Kg7 $15 )40... bxa5 $17 41. bxa5 Qc3 ( 41... Bc6 42. Kh1 $17
)42. Rb1 ( 42. Rc1 Qd3 $11 )42... Ba6 { Black threatens to win material:
Ba6xc4}  ( 42... Rf7 $5 $17 $142)43. Rb8 Kg7 44. Rd8 Qd4 ( 44... Qd3 45. Rd7+
Rf7 46. Rxf7+ Kxf7 47. Nf1 $11 )45. Rd7+ ( 45. Nf1 Bxc4 46. Ng3 $16 )45... Kg6
$2 ( 45... Rf7 $5 $142 { should not be overlooked}  46. Rxf7+ Kxf7 $14 )46. Nb3
Qxc4 $4 { leads to further unpleasantness.}  ( 46... Qf2 $142 47. Qxf2 Rxf2 $16
)47. Qe3 $18 Rf4 48. Rxd6+ Kg7 ( 48... Kh7 { is no salvation}  49. Nd2 Qb5 50.
g3 Qe2+ 51. Qxe2 Bxe2 52. gxf4 exf4 53. Rd7+ Kg6 54. a6 $18 )49. Qxa7+ Rf7 50.
Qxa6 ( 50. Qe3 { seems even better}  50... Rf4 51. Nc5 Bc8 $18 )50... Qxe4 51.
Qd3 Qf4+ ( 51... Qxd3 { does not solve anything}  52. Rxd3 Rf6 53. Rd5 $18 )52.
Qg3 Rb7 ( 52... Qxg3+ { doesn't get the bull off the ice}  53. Kxg3 Rc7 54. Kh2
$18 )53. Rb6 Rc7 ( 53... Rd7 { cannot change destiny}  54. Nc5 Qxg3+ 55. Kxg3
$18 )54. Rb5 ( 54. a6 { and White can already relax}  54... Qxg3+ 55. Kxg3 Rc4
$18 )54... Kf6 ( 54... Qxg3+ { is not the saving move}  55. Kxg3 Kf6 56. Nc5
$18 )55. Qxf4+ exf4 56. Rxh5 Rc3 57. Nc5 ( 57. Rb5 $142 { keeps an even firmer
grip}  57... Rc7 $18 )57... Re3 ( 57... Rc2 { doesn't do any good}  58. a6 Ra2
59. Rg5 $18 )58. a6 Re2 ( 58... Kg7 { doesn't change anything anymore}  59.
Rg5+ Kh6 60. Rxg4 $18 )59. Rh6+ ( 59. a7 Re8 60. Nd7+ Kg6 61. Rg5+ Kf7 62. Nb8
Re6 63. a8=Q g3+ 64. Kh3 Rd6 65. Qb7+ Ke6 66. Qg7 Rd5 67. Qh6+ Kf7 68. Rg7+ Ke8
69. Qh8# )59... Kf5 $18 60. Rh5+ ( 60. a7 $142 { makes it even easier for
White}  60... Re8 61. Rh5+ Kg6 62. Ne6 $18 )60... Kf6 61. Rh6+ { Twofold
repetition}  ( 61. a7 Re8 62. Nd7+ Kg6 63. Rg5+ Kf7 64. Nb8 Rg8 65. Rd5 Rc8 66.
a8=Q Ke6 67. Rg5 g3+ 68. Kh3 Rc7 69. Qe4+ Kf7 70. Qg6+ Ke7 71. Re5+ Kf8 72.
Re8# )61... Kf5 62. Kg1 ( 62. Nb3 $142 { secures the win}  62... Ra2 63. Rh5+
Kg6 64. Rg5+ Kh6 65. Na5 $18 )62... g3 63. Re6 ( 63. Nd3 $5 { and White can
already relax}  63... Rd2 64. Ne1 Ra2 $18 )63... Ra2 64. Re1 Kg4 65. Kf1 {
White has a decisive advantage}  ( 65. Rf1 $142 { seems even better}  65... Ra5
66. Nd3 Rxa6 67. Rxf4+ Kh5 68. Kf1 $18 )65... Kxh4 $4 { ruins a very nice
position.}  ( 65... Rf2+ 66. Kg1 Ra2 $18 )66. Re4 $18 Kg5 ( 66... Ra1+ 67. Ke2
Ra2+ 68. Kd3 Ra3+ 69. Kc2 Kh5 $18 )67. Ra4 Rf2+ 68. Kg1 ( 68. Ke1 $142 { ends
the debate}  68... Rb2 69. a7 $18 )68... Rb2 ( 68... Rc2 { cannot undo what has
already been done}  69. Ne4+ Kf5 70. Kf1 $18 )69. Ra1 f3 ( 69... Rb8 { hardly
improves anything}  70. a7 Ra8 71. Ne6+ Kf5 72. Nc7 Rxa7 73. Rxa7 $18 )70. gxf3
Kh4 ( 70... Rb8 $18 { is one last hope} )71. a7 Kh3 72. a8=Q Rg2+ 73. Kf1 Rf2+
74. Ke1 Kg2 ( 74... Rc2 { doesn't get the cat off the tree}  75. Qg8 g2 76.
Qh8+ Kg3 77. Qe5+ Kh3 78. Qh5+ Kg3 79. Ne4+ Kf4 80. Qg5+ Kxf3 81. Ra3+ Kxe4 82.
Ra4+ Rc4 83. Rxc4+ Kd3 84. Qd5+ Ke3 85. Qe4# )75. Ra2 ( 75. Nd3 Rb2 76. f4+ Kh3
77. Qh8+ Kg4 78. Qxb2 g2 79. Nf2+ Kg3 80. Qg7+ Kxf4 81. Qf6+ Kg3 82. Qe5+ Kh4
83. Ra4# )75... Kg1 76. Ne4 Rf1+ 77. Ke2 g2 78. Qg8 Kh2 ( 78... Rb1 { does not
win a prize}  79. Ke3 Rb3+ 80. Kf4 Rb2 81. Ra1+ Rb1 82. Rxb1+ Kh2 83. Qg3# )79.
Qh7+ ( 79. Qg3+ Kh1 80. Ra8 Re1+ 81. Qxe1+ g1=N+ 82. Kf2 Kh2 83. Qxg1+ Kh3 84.
Qg3# )79... Kg1 80. Qg6 Kh2 81. Qh5+ Kg1 82. Qg4 Kh2 ( 82... Rb1 { doesn't get
the cat off the tree}  83. Ke3 Rb3+ 84. Kf4 Rb2 85. Ra1+ Rb1 86. Rxb1+ Kh2 87.
Qh4# )83. Ke3 Re1+ 84. Kf4 ( 84. Kf4 Rxe4+ 85. fxe4 Kh1 86. Qxg2# ) 1-0

[Event "SA Championship"]
[Site "Adelaide"]
[Date "2006.03.14"]
[Round "5.1"]
[White "Mdinaradze, Edgar"]
[Black "Goldsmith, Alan D"]
[Result "0-1"]
[Annotator "Fritz 9"]
[BlackElo "2059"]
[EventCountry "AUS"]
[EventDate "2006.02.14"]
[EventRounds "9"]
[EventType "tourn"]
[PlyCount "110"]
[WhiteElo "1915"]

{ D32: Tarrasch Defence: Sidelines and lines without g3 } 1. d4 Nf6 2. c4 c5 3.
e3 e6 4. Nf3 d5 5. Nc3 Nc6 6. cxd5 exd5 7. Be2 Bd6 8. dxc5 Bxc5 9. O-O $146 (
9. a3 a5 ( 9... O-O 10. h3 Re8 11. b4 Bb6 12. Na4 Bc7 13. Bb2 Ne4 14. Rc1 Be6
15. O-O Qd6 16. Bb5 Ng5 17. Re1 Nxf3+ 18. Qxf3 Qh2+ 19. Kf1 d4 20. Bxc6 d3 21.
g4 bxc6 22. Red1 Bd5 { 0-1 Labra,M  ( 2125 ) -Calvo,P  ( 2231 ) /Santiago
2002/CBM 086 ext}  )10. O-O O-O 11. Nb5 Qe7 12. b3 Rd8 13. Bb2 Ne4 14. Rc1 Bb6
15. Nbd4 Rd6 16. Rc2 Rh6 17. Qa1 Bc7 18. Nxc6 bxc6 19. g3 Bf5 20. Rfc1 Re8 21.
Rxc6 Nxf2 22. Bd4 Rxc6 23. Rxc6 Ng4 { Uhlmann,W-Johansson,G/Reykjavik
1968/MCD/1-0  ( 39 )}  )( 9. b3 O-O 10. Bb2 d4 11. exd4 Nxd4 12. Nxd4 Bxd4 13.
O-O Bf5 14. Bf3 Rc8 15. Na4 Bxb2 16. Nxb2 b5 17. Qxd8 Rfxd8 18. Nd1 Rd2 19. Ne3
Be4 20. Rfd1 Rcd8 21. Rxd2 Rxd2 22. Rd1 Rxd1+ 23. Nxd1 Bxf3 { Sagalchik,G  (
2487 ) -Vescovi,G  ( 2648 ) /playchess.com INT 2004/CBM 099 ext/1-0  ( 40 )} 
)( 9. Nb5 O-O 10. a3 Bg4 11. b4 Bb6 12. Bb2 a6 13. Nbd4 Ne4 14. O-O Re8 15. Rc1
Ne7 16. Ne5 Bc8 17. Bg4 Ng6 18. Bxc8 Rxc8 19. Rxc8 Qxc8 20. Nxg6 hxg6 21. Nf3
Qc4 22. Bd4 Bxd4 23. Nxd4 Rc8 { Reeh,O-Vatter,H  ( 2250 ) /Germany
1985/GER-chT/0-1  ( 60 )}  )9... Bg4 10. Qa4 { Black has a very active
position}  10... O-O { Black castles and improves king safety}  11. Rd1 Qd7 12.
Nxd5 Nxd5 { Black wins a piece}  13. e4 $4 { not a good decision, because now
the opponent is right back in the game}  ( 13. Qc4 $142 { would be a reprieve} 
13... Bd6 14. Qxd5 $14 ( 14. Rxd5 $143 Be6 15. Rxd6 Qxd6 $15 ))13... Nb6 $19
14. Qc2 ( 14. Rxd7 Nxa4 15. Rxb7 $19 )14... Qe7 15. Bg5 f6 16. Bf4 ( 16. Be3
Bxe3 17. Qb3+ Rf7 18. Qxe3 Re8 $19 )16... Rfd8 ( 16... Rfe8 $5 $142 { and Black
can already relax}  17. Bd2 f5 18. Rac1 Bxf2+ 19. Kxf2 fxe4 20. Bg5 $19 )17.
Rac1 Bxf3 18. Bxf3 Nd4 19. Qb1 ( 19. Qd3 Nxf3+ 20. Qxf3 Rxd1+ 21. Rxd1 Re8 $19
)19... Nxf3+ 20. gxf3 Bd6 ( 20... f5 { keeps an even firmer grip}  21. Kg2 $19
)21. Bg3 Bxg3 22. hxg3 Rxd1+ 23. Rxd1 Rd8 24. Qc2 h6 25. Re1 ( 25. Rxd8+ Qxd8
26. Qb3+ Kh7 $19 )25... Qb4 26. Re2 Qd4 27. f4 Nc4 28. Kg2 Nd2 29. f3 ( 29. f5
b5 $19 )29... Nc4 30. Qb3 Qd3 31. Kf2 Kh7 ( 31... Qxb3 $142 { makes it even
easier for Black}  32. axb3 Na5 33. b4 $19 )32. g4 ( 32. Qxd3 Rxd3 33. e5 $19
)32... Qd4+ 33. Kg2 b5 34. e5 ( 34. f5 { is not the saving move}  34... Ne5 35.
Qc2 Nd3 $19 )34... fxe5 35. fxe5 Nxe5 36. Qxb5 ( 36. Qe3 { cannot change what
is in store for ?}  36... Qxe3 37. Rxe3 Rd2+ 38. Kg3 Nc6 $19 )36... Ng6 ( 36...
Nd3 $5 $142 { might be the shorter path}  37. Qf5+ Kg8 38. Qe6+ Kh8 39. Qe7
Nf4+ 40. Kg3 Nxe2+ 41. Qxe2 Qd6+ 42. Kh3 $19 )37. Qf5 Qd1 38. Rf2 Rd2 ( 38...
Qa1 { seems even better}  39. Qe4 Rd1 40. Kg3 $19 )39. b4 ( 39. b3 { does not
help much}  39... Rd4 40. Qc2 Qe1 $19 )39... Rxf2+ ( 39... Rd4 $5 { might be
the shorter path}  40. Qc2 Qe1 41. Kg3 $19 )40. Kxf2 Qd4+ 41. Kg2 ( 41. Kg3 {
does not save the day}  41... Qxb4 42. Qc2 a5 $19 )41... Qxb4 42. Qc2 a5 43. a4
( 43. Kf1 { doesn't improve anything}  43... a4 $19 )43... Qf4 44. Qb3 ( 44.
Qd1 Nh4+ 45. Kf1 Qxf3+ 46. Qxf3 Nxf3 $19 )44... Nh4+ 45. Kf2 ( 45. Kf1 $19 {
the only chance to get some counterplay} )45... Qd2+ 46. Kg3 Qe1+ 47. Kh3 Qh1+
48. Kg3 Qxf3+ ( 48... Qg1+ 49. Kf4 Qe1 50. Qe3 Ng2+ 51. Ke5 Qxe3+ 52. Kd6 Nf4
53. g5 Qd4+ 54. Kc6 Qc4+ 55. Kd6 hxg5 56. Kd7 Qe6+ 57. Kd8 Nd5 58. f4 Qd6+ 59.
Ke8 Qe7# )49. Qxf3 $19 Nxf3 50. Kxf3 ( 50. Kf4 $19 { there is nothing else
anyway} )50... Kg6 51. Kg3 ( 51. Kf4 { does not improve anything}  51... Kf6
52. Kf3 Ke5 53. Ke3 g5 54. Kf3 Kd4 55. Kg2 Ke4 56. Kf2 Kf4 57. Ke2 Kxg4 58. Ke3
h5 59. Kd4 Kf4 60. Kd5 g4 61. Kc6 g3 62. Kb6 h4 63. Kc6 g2 64. Kc5 g1=Q+ 65.
Kc6 h3 66. Kb7 h2 67. Kc6 h1=Q+ 68. Kb5 Qb1+ 69. Kc4 Qc6+ 70. Kd4 Qd1# )51...
Kf6 ( 51... Kg5 52. Kf3 Kh4 53. g5 Kxg5 54. Ke4 h5 55. Ke3 Kf5 56. Kd4 Kf4 57.
Kc5 g5 58. Kc6 g4 59. Kb5 h4 60. Kxa5 h3 61. Kb4 g3 62. Kc4 g2 63. a5 h2 64.
Kc3 g1=Q 65. Kc4 h1=Q 66. Kb5 Qd5+ 67. Ka4 Qc4+ 68. Ka3 Qgc1# )52. Kf2 ( 52.
Kf4 { desperation}  52... Ke6 53. Ke4 $19 )52... Ke5 53. Kf3 ( 53. g5 { doesn't
change the outcome of the game}  53... hxg5 54. Kg3 Kf5 55. Kf3 g4+ 56. Ke3 g6
57. Ke2 Kf4 58. Kd1 g3 59. Kc2 g2 60. Kd2 g5 61. Ke2 g1=Q 62. Kd3 Qc1 63. Kd4
Qc6 64. Kd3 Qxa4 65. Kc3 g4 66. Kd3 g3 67. Kd2 Qb3 68. Kc1 g2 69. Kd2 g1=Q 70.
Ke2 Qbe3# )53... Kd4 ( 53... g6 54. Ke3 g5 55. Kf3 Kd4 56. Kf2 Ke4 57. Ke2 Kf4
58. Kd2 Kxg4 59. Kc3 Kf4 60. Kc4 h5 61. Kb5 h4 62. Kb6 h3 63. Kxa5 g4 64. Kb4
g3 65. a5 h2 66. Kc3 g2 67. Kb3 g1=Q 68. Kc3 h1=Q 69. Kb3 Qe3+ 70. Kb4 Qb7+ 71.
Ka4 Qbb3# )54. Kf4 ( 54. Ke2 { is not much help}  54... Ke4 55. Kd2 Kf4 56. Kc3
Kxg4 57. Kc4 g5 58. Kb5 Kf4 59. Kc6 h5 60. Kb5 g4 61. Kxa5 h4 62. Kb6 h3 63.
Kc5 h2 64. Kd5 h1=Q+ 65. Kc4 Qc6+ 66. Kb3 g3 67. a5 Qd5+ 68. Kb4 g2 69. Kc3
g1=Q 70. Kb2 Qf2+ 71. Ka3 Qxa5+ 72. Kb3 Qfa2# )54... g6 55. Kf3 g5 ( 55... g5
56. Kf2 Ke4 57. Ke2 Kf4 58. Kd3 Kxg4 59. Kc4 h5 60. Kb5 h4 61. Ka6 h3 62. Kb5
Kf4 63. Kc4 g4 64. Kd4 g3 65. Kd3 h2 66. Kd2 g2 67. Kc3 g1=Q 68. Kc2 Qe3 69.
Kb2 Qd4+ 70. Kc2 h1=Q 71. Kb3 Qb7+ 72. Ka2 Qxa4# ) 0-1

[Event "SA Championship"]
[Site "Adelaide"]
[Date "2006.03.14"]
[Round "5.2"]
[White "Cowley, Robert G"]
[Black "Juszczynski, Mathew"]
[Result "1-0"]
[Annotator "Fritz 9"]
[BlackElo "1790"]
[EventCountry "AUS"]
[EventDate "2006.02.14"]
[EventRounds "9"]
[EventType "tourn"]
[PlyCount "69"]
[WhiteElo "2091"]

{ B47: Sicilian: Taimanov: 5 Nc3 Qc7 6 f4, 6 g3 and 6 Be2 } 1. e4 c5 2. Nc3 e6
3. Nf3 a6 4. d4 cxd4 5. Nxd4 Qc7 6. g3 Nc6 7. Bg2 Nf6 8. O-O Be7 9. Nce2 O-O
10. c4 d6 11. b3 Bd7 12. Bb2 Rac8 13. Rc1 Qb8 ( 13... Rfd8 14. f4 Qb8 15. a4 b5
16. cxb5 Nxd4 17. Qxd4 axb5 18. a5 b4 19. a6 Qb5 20. e5 Qxe2 21. exd6 Bf8 22.
a7 Nd5 23. Bf3 Qa6 24. f5 Qxd6 25. fxe6 Bxe6 { 0-1 Kupreichik,V  ( 2500 )
-Ribli,Z  ( 2570 ) /Germany 1997/GER-chT}  )( 13... Nxd4 14. Nxd4 Qa5 15. Bc3
Qc5 16. Qd2 b5 17. cxb5 e5 18. Nc6 Bxc6 19. bxc6 Qb5 20. a4 Qxb3 21. Bb4 Qxa4
22. c7 a5 23. Bxd6 Nxe4 24. Bxe4 Bxd6 25. Bf5 Rxc7 26. Qxd6 Rxc1 27. Rxc1 g6
28. Bd7 { Cucancic,S  ( 2286 ) -Zufic,M  ( 2173 ) /Pula 2000/CBM 076 ext/1-0  (
32 )}  )14. a4 Rfd8 15. Qd2 Nxd4 $146 ( 15... Be8 16. h3 Nd7 17. f4 Bf8 18. Bc3
Nc5 19. Rb1 e5 20. Nf5 b5 21. Ne3 bxa4 22. bxa4 Qa7 23. a5 Na4 24. Ba1 Nxa5 25.
Kh2 Nxc4 26. Nxc4 Rxc4 27. fxe5 Qe7 28. Nf4 dxe5 29. Nd5 Qd6 30. Rbd1 {
Chernyshov,K-Balashov,Y  ( 2565 ) /Katowice 1992/TD/0-1  ( 46 )}  )16. Nxd4 {
Black has a cramped position}  16... Bc6 { Black threatens to win material:
Bc6xe4}  17. Rfe1 Nd7 18. f4 Nc5 19. Qe3 Bf8 20. Ba1 { Black has a cramped
position}  20... Qa7 $4 ( 20... e5 $142 { was possible}  21. Nxc6 bxc6 $11 )21.
Nxc6 $18 bxc6 ( 21... Rxc6 22. b4 $18 )22. b4 d5 ( 22... Rb8 { does not help
much}  23. bxc5 Rb4 24. cxd6 Qxe3+ 25. Rxe3 Bxd6 26. c5 Bxc5 27. Rxc5 Rd1+ 28.
Kf2 Rxa1 29. Rxc6 $18 )23. cxd5 ( 23. bxc5 $4 { would be a terrible mistake} 
23... Bxc5 24. Qxc5 Qxc5+ 25. Kh1 d4 $19 )23... cxd5 24. exd5 ( 24. bxc5 $6 {
is clearly inferior}  24... Bxc5 25. Rxc5 Qxc5 26. Qxc5 Rxc5 27. exd5 exd5 $18
)( 24. Rxc5 $6 Bxc5 25. bxc5 dxe4 $16 )24... Qb6 25. bxc5 ( 25. Rxc5 $6 Rxc5
26. dxe6 fxe6 $14 )25... Bxc5 26. Rxc5 Qxc5 27. Bd4 ( 27. dxe6 $6 { is much
worse}  27... Qxe3+ 28. Rxe3 Rd1+ 29. Kf2 Rxa1 $14 )27... Qc4 ( 27... Qd6 {
there is nothing better in the position}  28. dxe6 Qxe6 29. Qxe6 fxe6 $18 )28.
Qe5 f6 29. Qxe6+ Kh8 ( 29... Kf8 { is no salvation}  30. Bf2 Re8 31. Qd6+ Kg8
32. Rxe8+ Rxe8 33. Qc6 $18 )30. Bb6 Rf8 ( 30... Qxa4 { hardly improves
anything}  31. Bxd8 Rxd8 32. Qc6 Qd4+ 33. Kh1 $18 )31. a5 ( 31. d6 $142 { and
White can already relax}  31... Qb4 32. d7 Rb8 $18 )31... h6 ( 31... Qa4 { is
the last straw}  32. Bf1 Rce8 $18 )32. d6 Qxe6 ( 32... Qc3 { cannot undo what
has already been done}  33. d7 Rb8 34. Rd1 $18 )33. Rxe6 Rc1+ 34. Kf2 Rc2+ (
34... Rg8 { doesn't do any good}  35. Bd5 Rd1 36. Bf3 $18 )35. Re2 ( 35. Re2
Rcc8 36. d7 $18 )( 35. Ke3 { might be the shorter path}  35... Rc3+ 36. Kd2
Rcc8 $18 ) 1-0

[Event "SA Championship"]
[Site "Adelaide"]
[Date "2006.03.14"]
[Round "5.3"]
[White "Stevens, Tristan"]
[Black "Riches, L John"]
[Result "1-0"]
[Annotator "Fritz 9"]
[BlackElo "1939"]
[EventCountry "AUS"]
[EventDate "2006.02.14"]
[EventRounds "9"]
[EventType "tourn"]
[PlyCount "37"]
[WhiteElo "1855"]

{ B13: Caro-Kann: Exchange Variation and Panov-Botvinnik Attack } 1. e4 c6 2. d4
d5 3. exd5 cxd5 4. c4 Nf6 5. Nc3 Nc6 6. Bg5 a6 $146 { Consolidates b5}  ( 6...
Qb6 7. c5 Qxb2 8. Nge2 Bf5 9. Qc1 Qxc1+ 10. Rxc1 O-O-O 11. Be3 Ng4 12. Ng3 Bg6
13. Be2 Nxe3 14. fxe3 e5 15. Rd1 Be7 16. Bf3 Rhe8 17. O-O Bg5 18. Nxd5 exd4 19.
exd4 Bc2 20. Rde1 Rxe1 21. Rxe1 { Spielmann,R-Rejfir,J/Maribor 1934/HCL/0-1  (
40 )}  )( 6... dxc4 7. Nf3 ( 7. Bxf6 exf6 8. Nf3 Bg4 9. Be2 Bd6 10. O-O O-O 11.
d5 Bxf3 12. Bxf3 Ne5 13. Be4 a6 14. a4 g6 15. f4 Nd3 16. Bxd3 cxd3 17. Ne4 Kg7
18. Qxd3 Qb6+ 19. Kh1 Rac8 20. g4 Rfd8 21. g5 fxg5 { Gonzalvez Perales,J  (
1960 )  -Custard Gasco,D/Valencia 2004/CBM 098 ext/1/2-1/2  ( 39 )}  )7... h6
8. Bxf6 exf6 9. Bxc4 Bd6 10. O-O O-O 11. h3 Bf5 12. Bd3 Bd7 13. a3 Rc8 14. Rc1
f5 15. Re1 Bf4 16. Rb1 Ne7 17. Bc2 Be6 18. Bb3 Nd5 19. Qd3 g6 20. h4 h5 21. Na4
{ Tkachiev,V  ( 2635 ) -Dominguez,L  ( 2612 ) /Tripoli 2004/CBM 102/0-1  ( 33
)}  )( 6... Bf5 7. Bxf6 exf6 8. cxd5 Nb4 9. Bb5+ Bd7 10. Qe2+ Qe7 11. Bxd7+
Kxd7 12. O-O-O Qxe2 13. Ngxe2 Bd6 14. a3 Na6 15. Kb1 Nc7 16. Ng3 Bxg3 17. hxg3
Kd6 18. Rh5 Rae8 19. Rdh1 g6 20. Rxh7 Rhf8 21. Rc1 { Mueller,H-Fuss,I/Vienna
1935/HCL/1-0  ( 63 )}  )( 6... Bg4 7. f3 Be6 8. Nge2 dxc4 9. Nf4 Nxd4 10. Nxe6
Nxe6 11. Bxc4 Qxd1+ 12. Rxd1 Rd8 13. Kf2 Rd6 14. Rhe1 Rxd1 15. Rxd1 Nd8 16. Nb5
e6 17. Nc7+ Ke7 18. Be3 Nd7 19. Bxa7 Nc6 20. Be3 Nde5 21. Be2 {
Benko,F-Grau,R/Buenos Aires 1939/HCL/1-0  ( 42 )}  )( 6... Be6 7. Nf3 $11 )7.
Nf3 $14 { Black is behind in developement. Black's piece can't move: f8}  7...
Bg4 8. cxd5 ( 8. Bxf6 exf6 9. cxd5 Bxf3 10. Qxf3 Qe7+ 11. Qe3 Nxd4 $16 )8...
Nxd5 $11 { White has an active position.}  9. Bc4 Nxc3 10. bxc3 { White has new
hanging pawns: c3+d4}  10... Qa5 { Black pins: Qa5xc3}  11. Qb3 Bxf3 $4 {
releasing the pressure on the opponent}  ( 11... e6 $142 { would hold out}  12.
Nd2 Bb4 ( 12... Qxg5 { the bishop remains invulnerable}  13. Qxb7 Qd8 14. Qxc6+
Ke7 15. O-O $18 )13. cxb4 Qxg5 $15 )12. Bxf7+ $18 ( 12. gxf3 $6 { is no
comparison}  12... e6 ( 12... Qxg5 $2 { may look interesting but has some grave
disadvantages}  13. Qxb7 Rb8 14. Qxc6+ Kd8 15. Bxf7 $18 )13. Kf1 Be7 ( 13...
Qxg5 $2 { springs to mind, but}  14. Qxb7 Rd8 15. Qxc6+ Ke7 16. Re1 $18 )14.
Qxb7 O-O $11 )12... Kd8 13. gxf3 Rc8 $6 { doesn't do very much to defend the
position}  ( 13... Qxg5 14. Qxb7 Rb8 15. Qxc6 Rb2 $18 )14. Be6 Nxd4 ( 14... Rc7
{ otherwise it's curtains at once}  15. Be3 Qb5 $18 )15. Rd1 Qe5+ ( 15... Qxc3+
{ is not much help}  16. Qxc3 Rxc3 17. Rxd4+ Ke8 18. O-O $18 )16. Kf1 ( 16. Be3
$142 { keeps an even firmer grip}  16... Rxc3 17. Qb6+ Ke8 18. Rxd4 $18 )16...
Rc6 ( 16... Rxc3 { a last effort to resist the inevitable}  17. Qxc3 Qxe6 18.
Rxd4+ Ke8 $18 )17. Rxd4+ ( 17. cxd4 $6 Qxe6 18. d5 Qh3+ 19. Ke2 Rg6 $16 )17...
Rd6 ( 17... Qxd4 { doesn't change anything anymore}  18. cxd4 h6 19. Qd5+ Kc7
20. Bf4+ Kb6 21. Qd8+ Kb5 22. Kg2 Rg8 23. Rb1+ Ka4 24. Bb3+ Kb5 25. Bd1+ Kc4
26. Be2+ Kc3 27. Qa5+ Kc2 28. Qf5+ Kc3 29. Qd3# )18. Rxd6+ Qxd6 19. Kg2 ( 19.
Kg2 b5 20. Rd1 Kc7 21. Rxd6 exd6 22. Qb4 Kc6 23. Qd4 Be7 24. Bd5+ Kd7 25. Qa7+
Kd8 26. Qxe7+ Kc8 27. Qb7# ) 1-0